[Event "FRA-ch U12 Girls"]
[Site "Le Grand Bornand"]
[Date "2003.??.??"]
[Round "5.2"]
[White "Barbuti, Claire"]
[Black "Fernandez, Laura"]
[Result "0-1"]
[WhiteElo "1340"]
[BlackElo "1840"]
[PlyCount "160"]
[EventDate "2003.??.??"]
[EventType "swiss"]
[EventRounds "9"]
[EventCountry "FRA"]
[SourceTitle "EXT 2004"]
[Source "ChessBase"]
[SourceDate "2003.11.25"]
[SourceVersion "1"]
[SourceVersionDate "2003.11.25"]
[SourceQuality "1"]

1. e4 e5 2. Nf3 Nc6 3. d4 exd4 4. Bc4 Bb4+ 5. c3 dxc3 6. 0-0 d6 7. Ng5 Nh6 8. bxc3 Bc5 9. h3 Qf6 10. Qb3 Bb6 11. Nf3 Bxh3 12. Bg5 Qg6 13. gxh3 f6 14. h4 fxg5 15. hxg5 0-0-0 16. Be6+ Kb8 17. Nbd2 Na5 18. Qd5 c6 19. Bf5 cxd5 20. Bxg6 hxg6 21. gxh6 dxe4 22. hxg7 Rhg8 23. Nxe4 Rxg7 24. Rad1 Nc4 25. Rd5 Bc7 26. Nfg5 Re7 27. Rfd1 Nb6 28. R5d3 d5 29. Nf6 Re2 30. Nxd5 Nxd5 31. Rxd5 Rxd5 32. Rxd5 Rxa2 33. Rd7 Bb6 34. Ne4 Re2 35. Re7 Ba5 36. Re8+ Kc7 37. Re7+ Kd8 38. Rxb7 Rxe4 39. Rxa7 Bxc3 40. Ra6 Rg4+ 41. Kh2 Ke7 42. f3 Rg5 43. Kh3 Kf7 44. Kh4 Rh5+ 45. Kg4 Be1 46. Rc6 Bd2 47. Rd6 Bb4 48. Rb6 Ba5 49. Rd6 Bb4 50. Rb6 Ba5 51. Ra6 Kg7 52. Ra7+ Kh6 53. Ra8 Rg5+ 54. Kf4 Bd2+ 55. Ke4 Rf5 56. Rd8 Bc1 57. Rc8 Bg5 58. Rh8+ Kg7 59. Rh3 Kf6 60. Rg3 Re5+ 61. Kd4 Be3+ 62. Kd3 Rg5 63. Rh3 Bc1 64. Rh1 Bb2 65. Rh2 Be5 66. Rh4 Kf5 67. Ke3 Bg3 68. Ra4 Kf6 69. Ra6+ Kg7 70. Ra7+ Kh6 71. Ra4 Re5+ 72. Kd3 Kh5 73. Rg4 Bf2 74. Rf4 Kg5 75. Rg4+ Kf5 76. Rg2 Re3+ 77. Kd2 Rxf3 78. Ke2 Kf4 79. Rxf2 Rxf2+ 80. Kxf2 Kg4 0-1

[Event "FRA-ch U12 Girls"]
[Site "Le Grand Bornand"]
[Date "2003.??.??"]
[Round "3.8"]
[White "Lepintre, Charlotte"]
[Black "Barbuti, Claire"]
[Result "0-1"]
[WhiteElo "1590"]
[BlackElo "1340"]
[PlyCount "94"]
[EventDate "2003.??.??"]
[EventType "swiss"]
[EventRounds "9"]
[EventCountry "FRA"]
[SourceTitle "EXT 2004"]
[Source "ChessBase"]
[SourceDate "2003.11.25"]
[SourceVersion "1"]
[SourceVersionDate "2003.11.25"]
[SourceQuality "1"]

1. e4 e6 2. d4 d5 3. e5 c5 4. Nf3 cxd4 5. Nxd4 Qb6 6. b3 Bc5 7. Bb2 Nc6 8. Bb5 Nge7 9. 0-0 Bxd4 10. Bxc6+ Nxc6 11. Bxd4 Qxd4 12. Qxd4 Nxd4 13. Na3 b5 14. Rad1 Ne2+ 15. Kh1 Nc3 16. Rd3 b4 17. Ra1 Ba6 18. Rf3 Rc8 19. Nb1 Nxb1 20. Rxb1 Rxc2 21. Rf4 0-0 22. Ra1 Rb8 23. Kg1 Bd3 24. h3 Rb2 25. Rc1 Rxa2 26. Rxb4 Rd8 27. Rc7 a5 28. Rf4 Bg6 29. Ra7 h6 30. Ra4 Re2 31. R7xa5 Rxe5 32. b4 Re1+ 33. Kh2 Rb1 34. b5 Kh7 35. Kg3 Rb8 36. Rd4 R8xb5 37. Ra7 e5 38. Rd2 R5b3+ 39. Kh2 d4 40. Re7 f6 41. Rd7 R1b2 42. Rd1 Rxf2 43. Kg1 Rbb2 44. Rd3 Bxd3 45. Kh2 Rxg2+ 46. Kh1 Rh2+ 47. Kg1 Rbg2# 0-1

[Event "FRA-chT 0102 U18"]
[Site "France"]
[Date "2002.05.10"]
[Round "11.6"]
[White "Atlani, Alexandre"]
[Black "Barbuti, Claire"]
[Result "1/2-1/2"]
[WhiteElo "1580"]
[BlackElo "1370"]
[PlyCount "40"]
[EventDate "2001.10.??"]
[EventType "team"]
[EventRounds "11"]
[EventCountry "FRA"]
[SourceTitle "EXT 2003"]
[Source "ChessBase"]
[SourceDate "2002.11.25"]
[SourceVersion "1"]
[SourceVersionDate "2002.11.25"]
[SourceQuality "1"]
[WhiteTeam "Cannes"]
[BlackTeam "Paris NAO"]
[WhiteTeamCountry "FRA"]
[BlackTeamCountry "FRA"]

1. e4 e6 2. d4 d5 3. Nc3 Bb4 4. e5 b6 5. Bd2 c5 6. a3 Bxc3 7. Bxc3 Nc6 8. Bb5 Bd7 9. Nf3 Nge7 10. 0-0 0-0 11. Re1 Nxe5 12. Bxd7 Nxf3+ 13. Qxf3 Qxd7 14. Qg3 cxd4 15. Bxd4 Nf5 16. Qd3 Nxd4 17. Qxd4 Rac8 18. Rac1 Rc4 19. Qd3 Qb5 20. b3 Rc5 1/2-1/2

[Event "FRA-chT 0102 U18"]
[Site "France"]
[Date "2002.??.??"]
[Round "7.6"]
[White "Ashokan, Kevin"]
[Black "Barbuti, Claire"]
[Result "1-0"]
[WhiteElo "1560"]
[BlackElo "1370"]
[PlyCount "65"]
[EventDate "2001.10.??"]
[EventType "team"]
[EventRounds "11"]
[EventCountry "FRA"]
[SourceTitle "EXT 2003"]
[Source "ChessBase"]
[SourceDate "2002.11.25"]
[SourceVersion "1"]
[SourceVersionDate "2002.11.25"]
[SourceQuality "1"]
[WhiteTeam "Bois Colombes"]
[BlackTeam "Paris NAO"]
[WhiteTeamCountry "FRA"]
[BlackTeamCountry "FRA"]

1. d4 d5 2. c4 c6 3. Nc3 Nf6 4. Nf3 e6 5. Bg5 Nbd7 6. e3 Qb6 7. Qc2 Bb4 8. Nd2 Qa5 9. Bd3 a6 10. a3 Bd6 11. c5 Bb8 12. 0-0 b5 13. f4 Ng4 14. Rae1 f6 15. Bh4 h5 16. h3 Nh6 17. e4 b4 18. Nb3 Qd8 19. axb4 g5 20. Bg3 h4 21. Bh2 Nf8 22. Na5 Qd7 23. Qb3 Kf7 24. e5 f5 25. fxg5 Ng8 26. Qd1 Bb7 27. Nxb7 Qxb7 28. Qg4 Qxb4 29. Bxf5 exf5 30. Qxf5+ Ke7 31. Qxf8+ Kd7 32. Rf7+ Ne7 33. Rxe7# 1-0

[Event "FRA-ch U12 Girls"]
[Site "Hyeres"]
[Date "2002.??.??"]
[Round "1.3"]
[White "Barbuti, Claire"]
[Black "Fernandez, Laura"]
[Result "0-1"]
[WhiteElo "1350"]
[BlackElo "1700"]
[PlyCount "114"]
[EventDate "2002.04.05"]
[EventType "swiss"]
[EventRounds "9"]
[EventCountry "FRA"]
[SourceTitle "EXT 2003"]
[Source "ChessBase"]
[SourceDate "2002.11.25"]
[SourceVersion "1"]
[SourceVersionDate "2002.11.25"]
[SourceQuality "1"]

1. e4 e5 2. Nf3 Nc6 3. Bc4 Nf6 4. Ng5 d5 5. exd5 Na5 6. Qe2 Nxc4 7. Qxc4 Nxd5 8. d3 h6 9. Nf3 f6 10. Nc3 Nxc3 11. Qxc3 Be6 12. Be3 Bd6 13. Qa5 Qe7 14. Qb5+ c6 15. Qa4 f5 16. g3 Bd5 17. Ke2 Bxf3+ 18. Kxf3 f4 19. Bxf4 0-0 20. Rhe1 Qc7 21. Re4 exf4 22. gxf4 Rf7 23. Rg1 Raf8 24. Rg4 b5 25. Qd4 c5 26. Qe3 Kh8 27. h4 h5 28. Rg6 Bxf4 29. Rxf4 Qxf4+ 30. Qxf4 Rxf4+ 31. Ke3 Rxf2 32. Ra6 Rxc2 33. Rxa7 Rxb2 34. Rc7 Rxa2 35. Rxc5 Rb8 36. Rc1 b4 37. Rb1 b3 38. Kd4 b2 39. Kc3 Ra3+ 40. Kc2 Rc8+ 41. Kd2 Rd8 42. Rxb2 Rdxd3+ 43. Kc2 Rh3 44. Rb8+ Kh7 45. Rd8 Rxh4 46. Kb2 Rg3 47. Kc2 Rh2+ 48. Rd2 Rxd2+ 49. Kxd2 h4 50. Ke2 h3 51. Kf2 Rg6 52. Ke2 h2 53. Kd3 h1Q 54. Kd4 Rg4+ 55. Ke3 Qh3+ 56. Kd2 Rg2+ 57. Ke1 Qh1# 0-1